<?xml version="1.0" encoding="UTF-8"?><?xml-stylesheet type="text/xsl" href="static/style.xsl"?><OAI-PMH xmlns="http://www.openarchives.org/OAI/2.0/" xmlns:xsi="http://www.w3.org/2001/XMLSchema-instance" xsi:schemaLocation="http://www.openarchives.org/OAI/2.0/ http://www.openarchives.org/OAI/2.0/OAI-PMH.xsd"><responseDate>2026-04-13T04:16:13Z</responseDate><request verb="GetRecord" identifier="oai:www.recercat.cat:10459.1/465122" metadataPrefix="marc">https://recercat.cat/oai/request</request><GetRecord><record><header><identifier>oai:recercat.cat:10459.1/465122</identifier><datestamp>2025-09-15T18:53:26Z</datestamp><setSpec>com_2072_3622</setSpec><setSpec>col_2072_479130</setSpec></header><metadata><record xmlns="http://www.loc.gov/MARC21/slim" xmlns:dcterms="http://purl.org/dc/terms/" xmlns:xsi="http://www.w3.org/2001/XMLSchema-instance" xmlns:doc="http://www.lyncode.com/xoai" xsi:schemaLocation="http://www.loc.gov/MARC21/slim http://www.loc.gov/standards/marcxml/schema/MARC21slim.xsd">
   <leader>00925njm 22002777a 4500</leader>
   <datafield ind2=" " ind1=" " tag="042">
      <subfield code="a">dc</subfield>
   </datafield>
   <datafield ind2=" " ind1=" " tag="720">
      <subfield code="a">Mérida Jiménez, Rafael M. (Rafael Manuel)</subfield>
      <subfield code="e">author</subfield>
   </datafield>
   <datafield ind2=" " ind1=" " tag="260">
      <subfield code="c">2024</subfield>
   </datafield>
   <datafield ind2=" " ind1=" " tag="520">
      <subfield code="a">Este recurso pedagógico ha sido elaborado por el Dr. Rafael M. Mérida Jiménez, profesor Serra Hunter de la Universitat de Lleida, con la colaboración de la "Unitat de Suport i Assessorament a l'Activitat Docent" de la misma Universidad.  Su objetivo es implementar parte de sus resultados en un proceso de innovación docente de asignaturas de grado y posgrado en la UdL.</subfield>
   </datafield>
   <datafield ind2=" " ind1=" " tag="520">
      <subfield code="a">El proyecto oficial “Memorias de las masculinidades disidentes en España e Hispanoamérica”, financiado por la Agencia Estatal de Investigación del Ministerio de Ciencia, Investigación y Universidades del Gobierno de España tiene como objetivo fundamental realizar una investigación en obras de carácter explícita o implícitamente autobiográfico en torno a la construcción de la masculinidad que han sido creadas por personas que manifiestan su disidencia sexual y/o de género.  El corpus se centra especialmente en piezas literarias, artísticas y audiovisuales creadas en España e Hispanoamérica, sobre todo a lo largo del siglo XX y hasta la actualidad, por “varones gais” y “mujeres trans”. Su referencia es PID2019-106083GB-I00 y su acrónimo es MASDIME. El Investigador Principal (IP) es el Dr. Rafael M. Mérida Jiménez, catedrático de la Universidad de Lleida.</subfield>
   </datafield>
   <datafield ind2=" " ind1=" " tag="520">
      <subfield code="a">Este recurso pedagógico ha sido elaborado por el Dr. Rafael M. Mérida Jiménez, profesor Serra Hunter de la Universitat de Lleida, con la colaboración de la "Unitat de Suport i Assessorament a l'Activitat Docent" de la misma Universidad. Forma parte del proyecto de investigación PID2019-106083GB-I00.</subfield>
   </datafield>
   <datafield tag="653" ind2=" " ind1=" ">
      <subfield code="a">Literature</subfield>
   </datafield>
   <datafield tag="653" ind2=" " ind1=" ">
      <subfield code="a">Gender</subfield>
   </datafield>
   <datafield tag="653" ind2=" " ind1=" ">
      <subfield code="a">Literatura</subfield>
   </datafield>
   <datafield tag="653" ind2=" " ind1=" ">
      <subfield code="a">Gènere</subfield>
   </datafield>
   <datafield tag="653" ind2=" " ind1=" ">
      <subfield code="a">Género</subfield>
   </datafield>
   <datafield tag="653" ind2=" " ind1=" ">
      <subfield code="a">MASDIME</subfield>
   </datafield>
   <datafield tag="653" ind2=" " ind1=" ">
      <subfield code="a">Masculinidad</subfield>
   </datafield>
   <datafield ind2="0" ind1="0" tag="245">
      <subfield code="a">El proyecto de investigación “MASDIME”: presentación</subfield>
   </datafield>
</record></metadata></record></GetRecord></OAI-PMH>